|
|
|
|
| LEADER |
01435nam a2200385Ia 4500 |
| 001 |
EBC166684 |
| 003 |
MiAaPQ |
| 005 |
20200520144314.0 |
| 006 |
m o d | |
| 007 |
cr cn||||||||| |
| 008 |
950324s1996 enk sb 001 0 eng d |
| 010 |
|
|
|z 95008636
|
| 020 |
|
|
|z 0203410599
|
| 035 |
|
|
|a (MiAaPQ)EBC166684
|
| 035 |
|
|
|a (Au-PeEL)EBL166684
|
| 035 |
|
|
|a (CaPaEBR)ebr10058377
|
| 035 |
|
|
|a (CaONFJC)MIL21803
|
| 035 |
|
|
|a (OCoLC)437076085
|
| 040 |
|
|
|a MiAaPQ
|c MiAaPQ
|d MiAaPQ
|
| 050 |
|
4 |
|a HB3599
|b .Q46 1996
|
| 100 |
1 |
|
|a Quine, Maria Sophia.
|
| 245 |
1 |
0 |
|a Population politics in twentieth-century Europe
|h [electronic resource] :
|b fascist dictatorships and liberal democracies /
|c Maria Sophia Quine.
|
| 260 |
|
|
|a London ;
|a New York :
|b Routledge,
|c 1996.
|
| 300 |
|
|
|a viii, 152 p.
|
| 490 |
1 |
|
|a Historical connections
|
| 504 |
|
|
|a Includes bibliographical references (p. [140]-150) and index.
|
| 533 |
|
|
|a Electronic reproduction. Ann Arbor, MI : ProQuest, 2015. Available via World Wide Web. Access may be limited to ProQuest affiliated libraries.
|
| 650 |
|
0 |
|a Demography.
|
| 651 |
|
0 |
|a Italy
|x Population policy.
|
| 651 |
|
0 |
|a France
|x Population policy.
|
| 651 |
|
0 |
|a Germany
|x Population policy.
|
| 655 |
|
4 |
|a Electronic books.
|
| 710 |
2 |
|
|a ProQuest (Firm)
|
| 830 |
|
0 |
|a Historical connections.
|
| 856 |
4 |
0 |
|u https://ebookcentral.proquest.com/lib/matrademy/detail.action?docID=166684
|z Click to View
|